Statistiques concernant La plupart des frappes - sprint de 15 secondes

Cliquez ici pour prendre le quiz!

Statistiques générales

  • Ce quiz a été pris 2 718 fois
  • Le résultat moyen est 80 sur 160

Statistiques - réponses

#% Correct
1
100%
2
98%
3
97%
4
96%
5
94%
6
94%
7
93%
8
92%
9
91%
10
90%
11
90%
12
90%
13
90%
14
90%
15
88%
16
88%
17
87%
18
87%
19
87%
20
86%
21
86%
22
85%
23
85%
24
85%
25
84%
26
83%
27
83%
28
83%
29
82%
30
82%
31
82%
32
82%
33
81%
34
80%
35
80%
36
80%
37
79%
38
78%
39
77%
40
76%
41
75%
42
74%
43
74%
44
73%
45
73%
46
73%
47
72%
48
72%
49
72%
50
71%
51
71%
52
70%
53
70%
54
69%
55
68%
56
67%
57
67%
58
66%
59
66%
60
66%
61
65%
62
64%
63
64%
64
63%
65
62%
66
61%
67
61%
68
61%
69
60%
70
59%
71
58%
72
57%
73
56%
74
55%
75
55%
76
54%
77
53%
78
52%
79
51%
80
50%
81
50%
82
50%
83
49%
84
48%
85
48%
86
47%
87
47%
88
46%
89
45%
90
44%
91
43%
92
42%
93
41%
94
41%
95
40%
96
40%
97
39%
98
39%
100
38%
99
38%
101
37%
102
36%
103
35%
104
35%
105
33%
106
33%
107
32%
108
31%
109
30%
110
29%
111
29%
112
29%
113
28%
114
28%
115
27%
116
26%
117
25%
118
25%
119
24%
120
23%
121
23%
122
22%
123
21%
124
20%
125
20%
126
19%
127
18%
128
18%
129
17%
130
17%
131
16%
132
16%
133
15%
134
14%
135
14%
136
13%
137
12%
138
12%
139
11%
140
11%
141
11%
142
11%
143
11%
144
11%
145
10%
146
10%
147
9%
148
9%
149
8%
150
8%
151
7%
152
7%
153
6%
154
6%
155
6%
156
6%
157
5%
158
5%
159
4%
160
4%

Distribution des résultats

Percentile par nombre de réponses

% des personnes avec chaque résultat

Votre développement - résultats

Vous n’avez pas pris ce quiz